Prince Songs by the Alphabet - Statistics

General Stats
  • This quiz has been taken 32 times
  • The average score is 15 of 27
Answer Stats
letter song % Correct
P p. control / paisley park / papa / partyman / partyup / peace / peach / pearls b4 the swine / pheromone / phone conversation / pink cashmere / planet earth / play in the sunshine / poompoom / pop life / pope / positivity / power fantastic / prettyman / private joy / purple medley maxi-single / purple rain / push / push it up
96%
# 1+1+1 is 3 / 17 days / 18 & over / 1999 / 2 the wire / 2 whom it may concern / 200 balloons / 2045: radical man / 2morrow / 3 chains o gold / 3121 / 319 / 3rd eye / 4 the tears in your eyes / 5 women / 7
92%
A a case of u / a million days / acknowledge me / adore / all the critics love u in new york / all the midnights in the world / alphabet st. / america, / an honest man / and God created woman / animal kingdom / anna stesia / annie christian / another lonely christmas / anotherloverholenyohead / arboretum / around the world in a day / arrogance / automatic / avalanche
92%
C calhoun square / call my name / cant stop this feeling / chaos and disorder / chelsea rodgers / christopher tracy's parade / cindy c. / cinnamon girl / circle of amour / cloreen bacon skin / come / come on / comeback / computer blue / condition of the heart / controversy / count the days / countin' time / crazy you / cream / crucial / crystal ball / curious child
88%
L la, la, la, he he hee / la, la, la / lady cab driver / last december / last heart / le grind / lemon crush / letitgo / lets go crazy / lets have a baby / lets pretend were married / lets work / life can be so nice / life o the party / lion of judah / little red corvette / live 4 love / lolita / loose / love / love 2 the 9's / love machine / love or money / love sign / loveleft, loveright / lovesexy
88%
T T.C.'s rap / take me with u / tamborine / tangerine / te amo corazone / tell me how u want / temptation / the arms of orion / the ballad of dorothy parker / the beautiful ones / the continental / the cross / the daisy chain / the dance / the everlasting now / the flow / the future / the greatest romance ever sold / the holy river / the human body / the ladder / the latest fashion / the love we make / the marrying kind / the max / the morning papers / the most beautiful girl / the most beautiful girl in the world / the one / the one u wanna c / the other side of the pillow / the question of u / the rest of my life / the sacrifice of victor / the same december / the scandalous sex suite / the screams of passion / the sensual everafter / the sun, the moon and stars / the truth / the united states of division / the world / there is lonely / thieves in the temple / things have got to change / thunder / tick, tick, bang / trust
88%
I i cant make u love me / I could never take the place of your man / I feel for you / I hate u / (I like) funky music / I like it there / I love u in me / I love u, but I don't trust you anymore / I no / I rock, therefore I am / I wanna b ur lover / I wanna be your lover / I wanna melt with u / I will / I will / I wish u heaven / I wonder u / I would die 4 u / if eye was the man in ur life / if I was your girlfriend / illusion, coma, pimp and circumstance / I'm yours / in love / in this bed I scream / incense and candles / insatiable / interactive / international lover / into the light / irresistible bitch / it / its gonna be lonely
83%
S satisfied / saviour / scandalous / scarlet pussy / sex in the summer / sex / sexual suicide / sexuality / sexy dancer / sexy M.F. / sexy saxophone and guitar / shake / she gave her angels / she loves me 4 me / she spoke 2 me / shes always in my hair / shhh / shockadelica / shoo-bed-ooh / shy / sign o the times / silly game / sister / slave / sleep around / slow love / so blue / so dark / so far, so pleased / soft and wet / solo / somebody's somebody / something in the water / sometimes it snows in april / somewhere here on earth / soul sanctuary / space / starfish and coffee / staxowax / still waiting / still would stand all time / strange but true / strange relationship / strays of the world / strollin / style / supercute / superfunkycalifragisexy / sweet baby
83%
B baby / baby i'm a star / baby knows / bambi / batdance / beautiful / beautiful, loved and blessed / betcha by golly wow / billy jack bitch / black sweat / blue light / bob george / brother with a purpose
79%
D D.M.S.R / da bang / da, da, da / daddy pop / damn u / damned if i do / dance on / dark / darling nikki / days of wild / dead on it / dear mr. man / deconstruction / delirious / diamonds and pearls / dig u better dead / digital garden / dinner with delores / dionne / dirty mind / do it all night / do me, baby / did u lie / do your dance / dolphin / don't play me / don't talk 2 strangers / dorothy parker / dream factory / dreamin' about u
75%
G gangster / get loose / get off / get on the boat / get some solo / get yo groove on / gett off / girl / girl 6 / girls & boys / glam / glam slam / god / gold / good love / goodbye / gotta broken heart again / gotta stop / graffiti bridge / guitar
75%
W walk don't walk / wasted kisses / we can fuck / we can funk / we do this / we gets up / we march / welcome 2 the dawn / what do u want me 2 do / what's my name / when 2 r in love / when doves cry / when the lights go down / when u love somebody / when u were mine / when we're dancing close and slow / when will we be paid / wherever u go, whatever / white mansion / why you wanna treat me so bad / willing and able / wonderful ass
71%
U u got the look / u make my sun shine / under the cherry moon / underneath the cream / undisputed / until u're in my arms again / uptown / u're gonna c me
63%
K kiss
58%
R race / rainbow children / raspberry beret / rave un2 the joy fantastic / reflection / resolution / right back here in my arms / right the wrongs / ripopgodazippa / rock n roll is alive / rockhard in a funky place / ronnie, talk to russia / round and round
58%
E electric chair / elephants & flowers / emale / emancipation / endorphinmachine / erotic City / escape / everlasting now / everyday is a winding road / everywhere / extraordinary
54%
M mad sex / make your mama happy / man in a uniform / man'o'war / mellow / melody cool / money don't matter 2 night / mountains / movie star / mr. goodnight / mr. happy / muse 2 the pharaoh / musicology / mustang instrumental / mustang mix / my computer / my little pill / my love is forever / my name is prince
54%
H had u / have a heart / head / hello / here on earth / hide the bone / horny pony / horny toad / hot summer / hot thing / hot wit u / housebangers / housequake / how come u don't call me anymore
50%
N N.P.G / nasty girl / new position / new power generation / new world / nothing compares 2 u / now / NPG operator
42%
F face down / family name / fascination / feel u up / fluestramental / for you / forever in my life / freaks on this side / free / friend, lover, sister, mother wife / fury / future baby mama
33%
V venus de milo / vicki waiting / violet the organ grinder
29%
J jack u off / jam of the year / joint 2 joint / joy in repetition / jughead / just as long as were together / just friends
25%
O objects in the mirror / old friends 4 sale / on sale now / on the couch / one kiss at a time / one nite alone / one of us / one of your tears / orgasm
21%
Z zannalee
21%
Q q in doubt
4%
X xenophobia
4%
Y yeah, yeah, yeah / yo man / young and beautiful
4%
No matching quizzes found
Score Distribution
Percent of People with Each Score
Percentile by Number Answered
Your Score History
You have not taken this quiz